000 00382nam a2200157Ia 4500
008 210210b1985 xxu||||| |||| 00| 0 eng d
082 _a639.31 SINF
100 _aSINHA (V R P)
245 _aFreshwater fish culture.
260 _aND
_bI C A R
_c1985
300 _aiv,80
650 _aFish water fish culture
690 _aFishes
700 _aRAMACHANDRAN (V).
906 _a040300
999 _c90333
_d90333